000 00794nam a2200205 i 4500
001 184198
003 ES-MaACL
005 20251015164743.0
008 150429s1970 sp ao d |||| |dspa d
080 _a929:72(100)(38)
245 0 0 _aDiccionario universal del arte y los artistas.
_pArquitectos /
_c[publicado bajo la dirección de Robert Maillard ; traducción y adaptación de Juan-Eduardo Cirlot].
246 2 5 _aDiccionario universal de arquitectos
260 _aBarcelona :
_bGustavo Gili,
_c[1970]
300 _a323 p. :
_bil., fot. ;
_c25 cm.
650 7 _aArquitectos-
_xBiografías-
_vDiccionarios.
_9156791
700 1 _aMaillard, Robert.
_975579
700 1 _aCirlot, Juan-Eduardo,
_d1916-1973
_938898
852 _aES-MaACL
_jE-15579
_z. - enc. cart.
999 _c184198
_d184198